000 00449nam a2200181Ia 4500
001 9592
005 20260306161729.0
008 260306t2013||||xx |||||||||||||| ||spa||
041 _aESP
082 _a382.5
_bA66
100 _aAraujo Mattos, Cintya Sharon
_eAUT
245 0 _aSADA - Sistema anticipado de despacho aduanero
260 _c2013
300 _a333 páginas :
_c24 cm.
650 _aGEN
654 _aCAN
942 _cLIB
_dJUS
_fJUS
_2ddc
_n
999 _c9592
_d9592